Poetry and music in medieval France: from Jean Renart to Guillaume de Machaut

Saved in:
Bibliografiske detaljer
Hovedforfatter: Butterfield, Ardis (Author)
Format: Bog
Sprog:engelsk
Udgivet: Cambridge Cambridge University Press 2002
Udgivelse:1a. ed
Serier:Cambridge Studies in Medieval Literature, 49
Fag:
Tags: Tilføj Tag
Ingen Tags, Vær først til at tagge denne postø!

MARC

LEADER 00000cam a2200000 a 4500
001 UCC7112
003 CL-VaPUC
008 190304e20020000uk |||||||||||||||||eng|d
020 |a 9780521100922 
082 0 4 |a 821  |b BUT  |2 21 
100 0 |a Butterfield, Ardis  |e author  |9 601605 
245 1 0 |a Poetry and music in medieval France: from Jean Renart to Guillaume de Machaut 
250 |a 1a. ed 
300 |a 375 p 
942 |c BK 
945 |d 20190304 12:48:00  |a dcastane 
260 |a Cambridge  |b Cambridge University Press  |c 2002 
650 0 |a Poesía medieval  |9 306691 
583 |a last modification  |c 20190304 12:48:00  |k Rodrigo Vera 
490 0 |a Cambridge Studies in Medieval Literature, 49 
999 |c 373847  |d 373845 
952 |0 0  |1 0  |3 erb  |4 0  |6 821_000000000000000_BUT_2002  |7 0  |8 R  |9 492094  |a BIBEDU  |b BIBEDU  |i 5533945  |l 1  |o 821 BUT 2002  |p 5533945  |r 2024-04-17  |s 2024-04-17  |w 2019-11-24  |y BK_R  |z Catalogado en:20190304  |k MUS